| 000 | 00857cab a2200241 4500 | ||
|---|---|---|---|
| 001 | WB3221-06 | ||
| 008 | 090401t1996 xxu||||| |||| 00| 0 eng d | ||
| 035 | _a(Sirsi) u13774 | ||
| 041 | _aeng | ||
| 245 | _aProperty back in favour with lenders and investors | ||
| 260 | _c1996 | ||
| 350 | _a0 | ||
| 490 |
_aEstates Gazette _v(9621) 25 May 1996, 50(1) |
||
| 520 | _aNew equity issues and a rise in institutional investment are predicted by Savills as they report that the property sector has regained popularity with lenders and investors. | ||
| 650 | _aBANK LENDING | ||
| 650 | _aINSTITUTIONAL INVESTMENT | ||
| 650 | _aINVESTMENT PROPERTY | ||
| 650 | _aPROPERTY LENDING | ||
| 650 | _aSAVILLS PROPERTY FUNDING INDICATOR | ||
| 690 | _aPROPERTY-COMMERCIAL PROPERTY-COMMERCIAL PROPERTY FINANCE AND INVESTMENT | ||
| 942 | _n0 | ||
| 948 | _c04/03/1997 | ||
| 999 |
_c8875 _d8875 |
||